000 00658nam a2200217 i 4500
001 60822
003 ES-MaACL
005 20230906164319.0
007 t|
008 031107s1964 sp ||||1| spa d
100 1 _aEstrade, Miguel.
_948235
245 1 0 _aPor los caminos del Evangelio /
_cMiguel Estrade ; [traductor, Montserrat Serra Cantarell].
250 _a[1ยช ed.].
260 _aBarcelona :
_bEstela,
_c[1964]
300 _a230 p. ;
_c20 cm.
490 1 _aEspiritualidad ;
_v15
700 1 _aSerra Cantarell, Montserrat.
_9105626
830 0 _aEspiritualidad ;
_v15
_9182730
852 _aES-MaACL
_jC-26033
_bR.5479
999 _c60822
_d60822